[Event "ARG-ch Amateur U2000"]
[Site "Termas de Rio Hondo"]
[Date "2017.11.17"]
[Round "2.4"]
[White "Alioni, Alejandro"]
[Black "Salvatierra, Matias"]
[Result "0-1"]
[WhiteElo "1857"]
[BlackElo "1991"]
[PlyCount "107"]
[EventDate "2017.11.17"]
[EventType "swiss"]
[EventRounds "9"]
[EventCountry "ARG"]
[SourceTitle "EXT 2024"]
[Source "ChessBase"]
[SourceDate "2023.10.10"]
[SourceVersion "1"]
[SourceVersionDate "2023.10.10"]
[SourceQuality "1"]

1. d4 Nf6 2. c4 g6 3. Nc3 Bg7 4. Bf4 0-0 5. Nf3 c5 6. e3 cxd4 7. exd4 d5 8. Rc1 Nc6 9. Be2 dxc4 10. Bxc4 Bg4 11. d5 Nh5 12. Be3 Ne5 13. Be2 Nxf3+ 14. Bxf3 Bxf3 15. Qxf3 Qa5 16. 0-0 Rac8 17. Qe4 Rc7 18. Rfd1 Rfc8 19. h3 Nf6 20. Qf3 Nd7 21. d6 exd6 22. Rxd6 Ne5 23. Qe4 Nc4 24. Rd5 Qb4 25. Rcd1 Qe7 26. Qxe7 Rxe7 27. Bxa7 Nxb2 28. Rd8+ Re8 29. Rxc8 Rxc8 30. Nd5 Ra8 31. Nb6 Rxa7 32. Rd8+ Bf8 33. Nd7 Rxa2 34. Rxf8+ Kg7 35. Rb8 Ra7 36. Nc5 Ra1+ 37. Kh2 Nd1 38. Rxb7 Nxf2 39. Ne6+ Kf6 40. Nd8 Rh1+ 41. Kg3 Ne4+ 42. Kf4 Nd6 43. Rb6 Rf1+ 44. Ke3 Ke5 45. Ke2 Ra1 46. Nc6+ Ke6 47. Rb2 Ra4 48. Rb4 Ra2+ 49. Kf3 Ra3+ 50. Kf4 f5 51. Nd4+ Kf6 52. Nf3 h6 53. h4 Ra6 54. Rc4 0-1

[Event "Rosario Bandera Memorial"]
[Site "Rosario"]
[Date "2017.06.20"]
[Round "7"]
[White "Samudio, Gonzalo"]
[Black "Salvatierra, Matias"]
[Result "0-1"]
[WhiteElo "1684"]
[BlackElo "1991"]
[PlyCount "112"]
[EventDate "2017.06.17"]
[EventType "swiss"]
[EventRounds "7"]
[EventCountry "ARG"]
[SourceTitle "EXT 2018"]
[Source "ChessBase"]
[SourceDate "2017.10.13"]
[SourceVersion "1"]
[SourceVersionDate "2017.10.13"]
[SourceQuality "1"]

1. d4 Nf6 2. c4 g6 3. Nf3 Bg7 4. Nc3 0-0 5. Bf4 d6 6. e3 Nbd7 7. Be2 c5 8. 0-0 b6 9. d5 Ng4 10. h3 Nge5 11. Bh2 Nxf3+ 12. Bxf3 Ne5 13. Be2 Ba6 14. Qb3 Bb7 15. f4 Nd7 16. Ne4 Qc7 17. Ng5 h6 18. Nf3 Rad8 19. Rad1 Nf6 20. Bd3 Rfe8 21. f5 gxf5 22. Bxf5 e6 23. dxe6 fxe6 24. Bg6 Re7 25. Qc2 Qc6 26. Ne5 Qc7 27. Nf3 Bc6 28. Nh4 Red7 29. Rd2 Qb7 30. Rf4 e5 31. Rxf6 Bxf6 32. Qf5 Bxh4 33. Qe6+ Kg7 34. Be8 Rxe8 35. Qxe8 Rf7 36. Qe6 Qd7 37. Bxe5+ Bf6 38. Rxd6 Qxe6 39. Rxe6 Bxe5 40. Rxe5 Kf6 41. Rh5 Kg6 42. Re5 a6 43. a3 Rf6 44. Re7 Kf5 45. g4+ Kg5 46. e4 Kf4 47. e5 Rf8 48. e6 Kg3 49. Rf7 Re8 50. e7 Bg2 51. h4 Be4 52. g5 hxg5 53. hxg5 Kg4 54. Rf6 Rxe7 55. Rxb6 Kg3 56. Rd6 Bf3 0-1

[Event "Rosario Bandera Memorial"]
[Site "Rosario"]
[Date "2017.06.19"]
[Round "5"]
[White "Sanhueza, Cristian"]
[Black "Salvatierra, Matias"]
[Result "1-0"]
[WhiteElo "2246"]
[BlackElo "1991"]
[PlyCount "65"]
[EventDate "2017.06.17"]
[EventType "swiss"]
[EventRounds "7"]
[EventCountry "ARG"]
[SourceTitle "CBM 179 Extra"]
[Source "ChessBase"]
[SourceDate "2017.08.23"]
[SourceVersion "1"]
[SourceVersionDate "2017.08.23"]
[SourceQuality "1"]

1. e4 e5 2. Nf3 Nc6 3. Bb5 a6 4. Ba4 Nf6 5. 0-0 Nxe4 6. d4 b5 7. Bb3 d5 8. dxe5 Be6 9. Qe2 Be7 10. Rd1 Nc5 11. Be3 Nxb3 12. axb3 0-0 13. c4 Nb4 14. Nc3 c6 15. Nd4 Qc8 16. cxd5 cxd5 17. Rac1 Qd7 18. Qd2 Rfd8 19. Bg5 Rac8 20. Bxe7 Qxe7 21. f4 g6 22. Rf1 f5 23. Nce2 Bd7 24. Rc3 Nc6 25. Nxc6 Bxc6 26. Rfc1 Qd7 27. Nd4 Bb7 28. Rc5 Qe7 29. b4 Kf7 30. Qc3 h6 31. Rc7 Kf8 32. Qh3 Rxc7 33. Rxc7 1-0

[Event "Rosario Bandera Memorial"]
[Site "Rosario"]
[Date "2017.06.18"]
[Round "4"]
[White "Salvatierra, Matias"]
[Black "Barchiesi, Lisandro"]
[Result "1-0"]
[WhiteElo "1991"]
[BlackElo "1481"]
[PlyCount "55"]
[EventDate "2017.06.17"]
[EventType "swiss"]
[EventRounds "7"]
[EventCountry "ARG"]
[SourceTitle "CBM 179 Extra"]
[Source "ChessBase"]
[SourceDate "2017.08.23"]
[SourceVersion "1"]
[SourceVersionDate "2017.08.23"]
[SourceQuality "1"]

1. e4 e5 2. Nf3 Nc6 3. Bc4 Bc5 4. 0-0 Nf6 5. d3 h6 6. c3 d6 7. Bb3 0-0 8. Re1 a6 9. Nbd2 Re8 10. Nf1 Ba7 11. Ng3 Ne7 12. h3 Ng6 13. d4 exd4 14. cxd4 c5 15. Be3 b5 16. e5 dxe5 17. dxe5 Qxd1 18. Raxd1 Nxe5 19. Nxe5 Rxe5 20. Rd8+ Kh7 21. Bxf7 Re7 22. Bb3 Rd7 23. Rd1 Rxd8 24. Rxd8 Bb7 25. Bc2+ g6 26. Rd6 Kg7 27. Bxh6+ Kf7 28. Bg5 1-0

[Event "Rosario Bandera Memorial"]
[Site "Rosario"]
[Date "2017.06.17"]
[Round "1"]
[White "Velazco, Tomas Sebastian"]
[Black "Salvatierra, Matias"]
[Result "0-1"]
[WhiteElo "1347"]
[BlackElo "1991"]
[PlyCount "52"]
[EventDate "2017.06.17"]
[EventType "swiss"]
[EventRounds "7"]
[EventCountry "ARG"]
[SourceTitle "CBM 179 Extra"]
[Source "ChessBase"]
[SourceDate "2017.08.23"]
[SourceVersion "1"]
[SourceVersionDate "2017.08.23"]
[SourceQuality "1"]

1. e4 e5 2. Nf3 Nc6 3. Bc4 Nf6 4. Ng5 d5 5. exd5 Na5 6. Bb5+ c6 7. dxc6 bxc6 8. Qf3 Rb8 9. Bxc6+ Nxc6 10. Qxc6+ Nd7 11. d3 Bb7 12. Qc4 Qf6 13. 0-0 Be7 14. Nc3 Qg6 15. Nce4 f5 16. Ne6 Rc8 17. Nc7+ Kf8 18. Ne6+ Kg8 19. N6g5+ Rxc4 20. dxc4 fxe4 21. Rd1 e3 22. Rxd7 exf2+ 23. Kf1 Qc6 24. Rd5 Qxc4+ 25. Rd3 Qxc2 26. Rd7 Ba6+ 0-1

[Event "Rosario Promesas Cup"]
[Site "Rosario"]
[Date "2017.02.02"]
[Round "6"]
[White "Salvatierra, Matias"]
[Black "Piazza, Cristian"]
[Result "1/2-1/2"]
[WhiteElo "1910"]
[BlackElo "1967"]
[PlyCount "117"]
[EventDate "2017.01.31"]
[EventType "tourn"]
[EventRounds "9"]
[EventCountry "ARG"]
[SourceTitle "CBM 176 Extra"]
[Source "ChessBase"]
[SourceDate "2017.03.02"]
[SourceVersion "1"]
[SourceVersionDate "2017.03.02"]
[SourceQuality "1"]

1. e4 e5 2. Nf3 Nf6 3. Nc3 Nc6 4. Bb5 Bb4 5. 0-0 0-0 6. d3 d6 7. Bg5 Be6 8. Nd5 Bxd5 9. exd5 Ne7 10. Bxf6 gxf6 11. c3 Ba5 12. Bc4 c6 13. dxc6 bxc6 14. Nh4 d5 15. Bb3 Ng6 16. Nf5 Qd7 17. Qf3 Bc7 18. c4 Rad8 19. Rac1 Bb8 20. cxd5 cxd5 21. Rc5 Qb7 22. Rxd5 Rxd5 23. Qxd5 Qxd5 24. Bxd5 Rd8 25. Be4 Nf4 26. g3 Ne2+ 27. Kg2 Bc7 28. Re1 Nd4 29. Rc1 Bb6 30. Ne3 Kg7 31. g4 Ne2 32. Rd1 Nf4+ 33. Kf3 Rc8 34. h4 Ne6 35. Nc4 Bd4 36. b4 Rc7 37. Rb1 h6 38. a4 Rc8 39. Bf5 Rc7 40. Bxe6 fxe6 41. Kg3 e4 42. Nd6 Be5+ 43. Kg2 Bxd6 44. dxe4 Rc4 45. Rd1 Bxb4 46. Rd7+ Kg8 47. Rxa7 Rxe4 48. Kf3 f5 49. gxf5 exf5 50. h5 Rh4 51. a5 Rxh5 52. a6 Rh3+ 53. Kf4 Ra3 54. Kxf5 Rf3+ 55. Kg6 Bf8 56. Rb7 Rxf2 57. a7 Ra2 58. Kh5 Ra5+ 59. Kg4 1/2-1/2

[Event "Rosario Promesas Cup"]
[Site "Rosario"]
[Date "2017.02.01"]
[Round "4"]
[White "Salvatierra, Matias"]
[Black "Angelini, Diego"]
[Result "1-0"]
[WhiteElo "1910"]
[BlackElo "2051"]
[PlyCount "127"]
[EventDate "2017.01.31"]
[EventType "tourn"]
[EventRounds "9"]
[EventCountry "ARG"]
[SourceTitle "CBM 176 Extra"]
[Source "ChessBase"]
[SourceDate "2017.03.02"]
[SourceVersion "1"]
[SourceVersionDate "2017.03.02"]
[SourceQuality "1"]

1. e4 c5 2. Nf3 d6 3. Bb5+ Nd7 4. c3 a6 5. Ba4 b5 6. Bc2 Bb7 7. d4 e6 8. 0-0 Ngf6 9. Re1 Be7 10. Nbd2 Qc7 11. Nf1 Rc8 12. Bd3 0-0 13. Ng3 Rfe8 14. Qe2 Nf8 15. a4 c4 16. Bc2 Bc6 17. h4 Qb7 18. h5 bxa4 19. Nh2 Bd8 20. Ng4 Nxg4 21. Qxg4 f6 22. Bxa4 Bxa4 23. Rxa4 Kh8 24. Qf4 Rc6 25. h6 g6 26. e5 d5 27. exf6 Qf7 28. Qg4 Bxf6 29. Bf4 Nd7 30. Qf3 Kg8 31. Rea1 e5 32. Bxe5 Nxe5 33. dxe5 Bxe5 34. Qxf7+ Kxf7 35. Rxa6 Rxa6 36. Rxa6 Bf4 37. Ra7+ Re7 38. Ra5 Re1+ 39. Kh2 Re5 40. Ra7+ Re7 41. Ra5 Ke6 42. Rb5 Kd6 43. Kh3 Kc6 44. Ra5 Bc1 45. Ra6+ Kb5 46. Ra1 Bxh6 47. Kg4 Bg7 48. Kf3 d4 49. Ne4 dxc3 50. bxc3 Rd7 51. Rb1+ Kc6 52. Rb4 Rd3+ 53. Kf4 Bh6+ 54. Ke5 Bg7+ 55. Ke6 Rd1 56. Rxc4+ Kb6 57. Nd6 Rd2 58. Ne4 Re2 59. Kd5 Re1 60. Rc6+ Kb5 61. c4+ Kb4 62. Rb6+ Ka4 63. Nc5+ Ka3 64. Ra6+ 1-0

[Event "Cordoba Villa Giardino op 15th"]
[Site "Cordoba"]
[Date "2016.05.26"]
[Round "3.13"]
[White "Decoppet, Nestor"]
[Black "Salvatierra, Matias"]
[Result "1/2-1/2"]
[WhiteElo "1666"]
[BlackElo "1862"]
[PlyCount "54"]
[EventDate "2016.05.25"]
[EventType "swiss"]
[EventRounds "7"]
[EventCountry "ARG"]
[SourceTitle "EXT 2024"]
[Source "ChessBase"]
[SourceDate "2023.10.10"]
[SourceVersion "1"]
[SourceVersionDate "2023.10.10"]
[SourceQuality "1"]

1. e3 h6 2. d4 g5 3. c4 Bg7 4. h3 Nf6 5. Nf3 c5 6. d5 d6 7. Bd3 Qb6 8. Nc3 Nbd7 9. 0-0 0-0 10. Qc2 e5 11. Ne4 Nxe4 12. Bxe4 Nf6 13. Bf5 Qc7 14. Bxc8 Raxc8 15. a4 b6 16. Nh2 Qd7 17. Qe2 Rb8 18. Ng4 Nxg4 19. Qxg4 Qxg4 20. hxg4 a5 21. f3 f6 22. Ra3 Kf7 23. Rb3 Kg6 24. Kf2 Rf7 25. Bd2 Rfb7 26. Rb5 Bf8 27. Ra1 Be7 1/2-1/2

[Event "Wch U16"]
[Site "Caldas Novas"]
[Date "2011.11.18"]
[Round "1"]
[White "Salvatierra, Matias"]
[Black "Hernandez Sanchez, Jairo Andres"]
[Result "0-1"]
[WhiteElo "1857"]
[BlackElo "2265"]
[PlyCount "80"]
[EventDate "2011.11.18"]
[EventType "swiss"]
[EventRounds "9"]
[EventCountry "BRA"]
[SourceTitle "EXT 2013"]
[Source "ChessBase"]
[SourceDate "2012.11.22"]
[SourceVersion "1"]
[SourceVersionDate "2012.11.22"]
[SourceQuality "1"]

1. e4 c5 2. Nf3 Nc6 3. d4 cxd4 4. Nxd4 g6 5. Nc3 Bg7 6. Be3 Nf6 7. Bc4 0-0 8. Bb3 a5 9. 0-0 a4 10. Nxa4 Nxe4 11. Nb5 Ra6 12. Qe2 d6 13. c4 Nf6 14. Rac1 Be6 15. Nac3 Na5 16. Nd4 Bg4 17. f3 Nxb3 18. Nxb3 Bd7 19. Nd4 Qa5 20. Bf2 Rc8 21. a3 Qe5 22. Rfe1 Qxe2 23. Rxe2 Kf8 24. Nc2 Rxc4 25. Nb4 Ra5 26. Bb6 Ra8 27. Rce1 Be6 28. Nb5 Nd7 29. Bf2 Ra5 30. b3 Rxb4 31. axb4 Rxb5 32. Rc2 Bf6 33. Be3 Kg7 34. g4 Rxb4 35. g5 Be5 36. Rc7 b6 37. Bd2 Rxb3 38. f4 Bd4+ 39. Kg2 Nc5 40. Rxe7 Bd5+ 0-1

[Event "Pan American U14"]
[Site "Bento Goncalves"]
[Date "2010.08.06"]
[Round "8"]
[White "Melo Reda, Caique"]
[Black "Salvatierra, Matias"]
[Result "0-1"]
[WhiteElo "1889"]
[BlackElo "1781"]
[PlyCount "96"]
[EventDate "2010.08.02"]
[EventType "swiss"]
[EventRounds "9"]
[EventCountry "BRA"]
[SourceTitle "EXT 2013"]
[Source "ChessBase"]
[SourceDate "2012.11.22"]
[SourceVersion "1"]
[SourceVersionDate "2012.11.22"]
[SourceQuality "1"]

1. e4 e5 2. Nf3 Nc6 3. Bb5 a6 4. Ba4 Nf6 5. Nc3 d6 6. h3 Bd7 7. d3 Be7 8. Be3 0-0 9. 0-0 Re8 10. Qd2 Bf8 11. Rad1 b5 12. Bb3 Be6 13. Bg5 h6 14. Bxf6 Qxf6 15. Nd5 Qd8 16. Qc3 Qd7 17. a4 Ra7 18. Ra1 Rea8 19. a5 Ne7 20. Ne3 c5 21. Nh2 Ng6 22. Nd5 Bxd5 23. Bxd5 Rb8 24. Qd2 Nf4 25. c4 Nxd5 26. exd5 bxc4 27. dxc4 Rb4 28. Rfc1 Rab7 29. Rc2 Be7 30. Nf1 Bg5 31. Qe2 Ra4 32. Rxa4 Qxa4 33. Ne3 Bxe3 34. fxe3 Qxa5 35. e4 Rb4 36. Kh2 g6 37. g4 Qd8 38. Qf3 a5 39. Kg2 a4 40. Rf2 Qe7 41. Rc2 Kg7 42. Qf2 Qg5 43. Kh2 Qf4+ 44. Qxf4 exf4 45. Kg2 Kf6 46. Kf2 Ke5 47. Rc3 Rxb2+ 48. Kf3 Rb3 0-1

[Event "Pan American U14"]
[Site "Bento Goncalves"]
[Date "2010.08.05"]
[Round "5"]
[White "Salvatierra, Matias"]
[Black "Quispe, Juan Gabriel"]
[Result "0-1"]
[WhiteElo "1781"]
[BlackElo "1926"]
[PlyCount "82"]
[EventDate "2010.08.02"]
[EventType "swiss"]
[EventRounds "9"]
[EventCountry "BRA"]
[SourceTitle "EXT 2013"]
[Source "ChessBase"]
[SourceDate "2012.11.22"]
[SourceVersion "1"]
[SourceVersionDate "2012.11.22"]
[SourceQuality "1"]

1. e4 c5 2. Nf3 d6 3. d4 cxd4 4. Nxd4 Nf6 5. f3 Qb6 6. c4 Nc6 7. Nc2 g6 8. Nc3 a6 9. Rb1 Bg7 10. Be3 Qc7 11. Be2 Be6 12. Qd2 Ne5 13. b3 Rc8 14. Nb4 Ned7 15. Ncd5 Nxd5 16. exd5 Bf5 17. Rc1 Nc5 18. Bd4 Bxd4 19. Qxd4 0-0 20. 0-0 e5 21. dxe6 fxe6 22. Rfd1 Rcd8 23. Qb2 Qb6 24. Kh1 Qxb4 25. g4 Bxg4 26. fxg4 Ne4 27. Rf1 Nf2+ 28. Kg2 Qc5 29. Bf3 Nd3 30. Qd2 Nxc1 31. Rxc1 Rd7 32. b4 Qe5 33. Re1 Qf6 34. Rf1 Qd8 35. Qe3 Qe7 36. Re1 e5 37. Qd2 Qf6 38. Rf1 Rdf7 39. Qd3 Kg7 40. h3 Qe7 41. Qc3 Rf4 0-1

[Event "Pan American U14"]
[Site "Bento Goncalves"]
[Date "2010.08.04"]
[Round "4"]
[White "Castro, Jairo Antonio"]
[Black "Salvatierra, Matias"]
[Result "1-0"]
[WhiteElo "1958"]
[BlackElo "1781"]
[PlyCount "47"]
[EventDate "2010.08.02"]
[EventType "swiss"]
[EventRounds "9"]
[EventCountry "BRA"]
[SourceTitle "EXT 2013"]
[Source "ChessBase"]
[SourceDate "2012.11.22"]
[SourceVersion "1"]
[SourceVersionDate "2012.11.22"]
[SourceQuality "1"]

1. e4 e5 2. Bc4 Nf6 3. d3 Bc5 4. Nf3 Nc6 5. Bb3 d6 6. c3 Be6 7. Bc2 a6 8. Nbd2 Ba7 9. 0-0 0-0 10. h3 h6 11. Re1 Re8 12. Nf1 d5 13. Qe2 Qe7 14. Ng3 dxe4 15. dxe4 Rad8 16. Nh4 b5 17. Nhf5 Qc5 18. Qf3 Bxf5 19. Nxf5 Nd4 20. cxd4 Qxc2 21. Nxh6+ gxh6 22. Qxf6 Rf8 23. Bxh6 Qxf2+ 24. Kxf2 1-0